| 000 | 00675cam a2200181 4500 | ||
|---|---|---|---|
| 001 | J100567 | ||
| 008 | 000000n1998 000 0 eng u | ||
| 035 | _a(Sirsi) u100213 | ||
| 041 | _aENG | ||
| 110 |
_aJoint Contracts Tribunal _93664 |
||
| 245 | _aStandard form of building contract with contractor's design 1998 edition. Amendment 1 issued June 1999 : construction industry scheme (CIS) | ||
| 260 |
_aLondon _bRIBA Publications _c1998 |
||
| 300 |
_a8p. _c30cm. |
||
| 490 |
_aJCT Standard Form of Building Contract With Contractor's Design 1998 Edition _vAmendment 1 |
||
| 650 | _aJCT STANDARD FORM OF BUILDING CONTRACT 1998 | ||
| 690 |
_aContracts _96232 |
||
| 942 | _n0 | ||
| 999 |
_c99652 _d99652 |
||